000 00460nam a2200145Ia 4500
008 211109s9999||||xx |||||||||||||| ||und||
082 _a891.436
_bETI-H
100 _aEtihas, Brahdh
245 0 _aHindi Patrakarita Ka Brahadh Etihas
260 _bVANI Prakasan
_aDelhi
_c1997
300 _a478p.
630 _xgeneral stack
650 _aLiterature & rhetoric
_vLiteratures of other languages
_x East Indo-European & Celtic literaturesGeneralia
942 _cBOOK
999 _c53701
_d53701